Optimalizácia kontrolného automatu IK vo firme INA SKALICA spol. s.r.o.

Enregistré dans:
Détails bibliographiques
Auteur principal: Jankovič, Peter, 1988- (Auteur)
Autres auteurs: Bilovský, Peter, 1974- (Directeur de thèse)
Format: Manuscrit Livre
Langue:slovaque
Publié: Trnava : STU v Bratislave MTF UVTE KOM, 2012
Sujets:
Accès en ligne:VAIS
Tags: Ajouter un tag
Pas de tags, Soyez le premier à ajouter un tag!

MARC

LEADER 00000ntm a22000003a 4500
001 stu251251
005 20150617230202.5
008 120719s2012----xo------------------slo-d
040 |a STU  |b slo 
041 0 |a slo 
044 |a xo 
100 1 |a Jankovič, Peter,  |d 1988-  |4 aut  |u M  |T MTF Materiálovotechnologická fakulta  |X 49266  |U M  |Y 60  |7 A000049266 
242 0 0 |a Optimalization of control machine IK in INA SKALICA spol. s.r.o. company  |y eng 
245 1 |a Optimalizácia kontrolného automatu IK vo firme INA SKALICA spol. s.r.o. 
260 |a Trnava :  |b STU v Bratislave MTF UVTE KOM,  |c 2012 
300 |a 45s  |c CD ROM 
650 7 |a počítačová podpora výrobných technológií  |2 stusub 
650 7 |a Computer-Aided Production Technologies  |2 estusub 
650 7 |a assembly  |2 estusub 
650 7 |a bearing  |2 estusub 
650 7 |a klietka  |2 stusub 
650 7 |a montáž  |2 stusub 
650 7 |a ložisko  |2 stusub 
700 1 |a Bilovský, Peter,  |d 1974-  |4 ths  |X 32355  |7 A000032355 
856 4 |a info a plný text  |u http://is.stuba.sk/zp/portal_zp.pl?podrobnosti=66159  |3 VAIS 
996 |c M*BP-6038  |l MMSKP  |s P  |a 0  |w stu251251_0001